[Event "Maastricht Limburg op-B 5th"]
[Site "Maastricht"]
[Date "2011.06.13"]
[Round "6"]
[White "Gerlagh, Joris"]
[Black "Bok, Gidius"]
[Result "1/2-1/2"]
[WhiteElo "1776"]
[BlackElo "1710"]
[PlyCount "88"]
[EventDate "2011.06.10"]
[EventType "swiss"]
[EventRounds "7"]
[EventCountry "NED"]
[SourceTitle "EXT 2012"]
[Source "ChessBase"]
[SourceDate "2011.11.24"]
[SourceVersion "1"]
[SourceVersionDate "2011.11.24"]
[SourceQuality "1"]

1. d4 d5 2. c4 e6 3. Nc3 Nf6 4. Nf3 c5 5. cxd5 exd5 6. e3 Nc6 7. Be2 Be6 8. 0-0 Be7 9. Ne5 0-0 10. f4 Ne4 11. Nxc6 bxc6 12. f5 Nxc3 13. bxc3 Bd7 14. Bd3 cxd4 15. exd4 Bf6 16. Qh5 g6 17. Qf3 Rb8 18. Bh6 Bg7 19. Bxg7 Kxg7 20. f6+ Kh8 21. Qf4 Rg8 22. Rae1 Rb7 23. Re7 Bc8 24. Rfe1 Rxe7 25. fxe7 Qe8 26. Qe5+ Rg7 27. Rb1 f6 28. Qxf6 Qxe7 29. Qxe7 Rxe7 30. Rb8 Re8 31. Ba6 Bd7 32. Rxe8+ Bxe8 33. Kf2 Kg7 34. Ke3 Kf6 35. Kd3 Ke6 36. Bc8+ Bd7 37. Bxd7+ Kxd7 38. g4 g5 39. c4 Kd6 40. c5+ Kc7 41. Kc3 a5 42. Kb3 a4+ 43. Kxa4 Kb7 44. a3 Ka6 1/2-1/2

[Event "Maastricht Limburg op-B 5th"]
[Site "Maastricht"]
[Date "2011.06.12"]
[Round "4"]
[White "Machiroux, Bruno"]
[Black "Bok, Gidius"]
[Result "0-1"]
[WhiteElo "1773"]
[BlackElo "1710"]
[PlyCount "40"]
[EventDate "2011.06.10"]
[EventType "swiss"]
[EventRounds "7"]
[EventCountry "NED"]
[SourceTitle "EXT 2012"]
[Source "ChessBase"]
[SourceDate "2011.11.24"]
[SourceVersion "1"]
[SourceVersionDate "2011.11.24"]
[SourceQuality "1"]

1. d4 d5 2. c4 e6 3. Nc3 Nf6 4. Nf3 c5 5. cxd5 exd5 6. Bg5 Be6 7. g3 Nc6 8. Bg2 Be7 9. 0-0 0-0 10. dxc5 Bxc5 11. Rc1 Be7 12. Na4 Qa5 13. a3 Rac8 14. b4 Qd8 15. Nc5 b6 16. Nxe6 fxe6 17. Bh3 Qd7 18. b5 Na5 19. Nd4 Rxc1 20. Bxe6+ Qxe6 0-1

[Event "Maastricht Limburg op-C 4th"]
[Site "Maastricht"]
[Date "2010.05.23"]
[Round "5"]
[White "Bok, Gidius"]
[Black "Keetman, Stef"]
[Result "1/2-1/2"]
[WhiteElo "1682"]
[BlackElo "1431"]
[PlyCount "82"]
[EventDate "2010.05.21"]
[EventType "swiss"]
[EventRounds "7"]
[EventCountry "NED"]
[SourceTitle "EXT 2011"]
[Source "ChessBase"]
[SourceDate "2010.11.26"]
[SourceVersion "1"]
[SourceVersionDate "2010.11.26"]
[SourceQuality "1"]

1. e4 c5 2. Nf3 Nc6 3. d4 cxd4 4. Nxd4 g6 5. Nc3 Bg7 6. Be3 Nf6 7. Be2 0-0 8. Qd2 d5 9. Nxc6 bxc6 10. 0-0-0 Be6 11. exd5 Nxd5 12. Nxd5 Qxd5 13. Qxd5 Bxd5 14. Bf3 Bxf3 15. gxf3 Rfd8 16. a3 a6 17. c3 e6 18. h4 h5 19. Bg5 Rd5 20. Rxd5 cxd5 21. Kc2 Rc8 22. Bd2 d4 23. Rb1 dxc3 24. Bxc3 Bxc3 25. bxc3 Rc4 26. Rb4 Rxb4 27. axb4 g5 28. Kd2 f6 29. c4 Kf7 30. hxg5 fxg5 31. f4 h4 32. Ke2 h3 33. Kf1 gxf4 34. Kg1 e5 35. Kh2 e4 36. Kxh3 Ke6 37. Kg4 Ke5 38. c5 e3 39. fxe3 fxe3 40. Kf3 Kd5 41. Kxe3 a5 1/2-1/2

[Event "Enschede op-D U14"]
[Site "Enschede"]
[Date "2009.08.05"]
[Round "8"]
[White "Bok, Gidius"]
[Black "Polak, Alexander"]
[Result "0-1"]
[WhiteElo "1479"]
[BlackElo "1544"]
[PlyCount "46"]
[EventDate "2009.08.03"]
[EventType "swiss"]
[EventRounds "9"]
[EventCountry "NED"]
[SourceTitle "CBM 132 Extra"]
[Source "ChessBase"]
[SourceDate "2009.11.03"]
[SourceVersion "1"]
[SourceVersionDate "2009.11.03"]
[SourceQuality "1"]

1. e4 c5 2. Nf3 d6 3. d4 cxd4 4. Nxd4 Nf6 5. Nc3 g6 6. Be3 Bg7 7. Bc4 Nc6 8. 0-0 Ng4 9. Nxc6 bxc6 10. Qd2 Nxe3 11. Qxe3 0-0 12. Rad1 Qb6 13. Qxb6 axb6 14. Rd3 Be6 15. Bxe6 fxe6 16. a3 d5 17. Re1 d4 18. Ne2 e5 19. c3 c5 20. g3 c4 21. Rd2 d3 22. Nc1 Bh6 23. Rdd1 d2 0-1

[Event "Enschede op-D U14"]
[Site "Enschede"]
[Date "2009.08.03"]
[Round "6"]
[White "Bok, Gidius"]
[Black "Roelofs, Rik"]
[Result "1-0"]
[WhiteElo "1479"]
[BlackElo "1845"]
[PlyCount "33"]
[EventDate "2009.08.03"]
[EventType "swiss"]
[EventRounds "9"]
[EventCountry "NED"]
[SourceTitle "CBM 132 Extra"]
[Source "ChessBase"]
[SourceDate "2009.11.03"]
[SourceVersion "1"]
[SourceVersionDate "2009.11.03"]
[SourceQuality "1"]

1. e4 c6 2. d4 d5 3. Nc3 dxe4 4. Nxe4 Nd7 5. Nf3 Ngf6 6. Ng3 e6 7. Bd3 Bd6 8. 0-0 0-0 9. Qe2 c5 10. Ne4 h6 11. Nxd6 cxd4 12. Ne4 b6 13. Nxd4 Nc5 14. Nc6 Qc7 15. Nxf6+ gxf6 16. Bxh6 f5 17. Qh5 1-0

[Event "NED-ch U13"]
[Site "Rijswijk"]
[Date "2008.05.02"]
[Round "4"]
[White "Soeterbroek, Jaimy"]
[Black "Bok, Gidius"]
[Result "1-0"]
[WhiteElo "1382"]
[BlackElo "1156"]
[PlyCount "97"]
[EventDate "2008.05.01"]
[EventType "swiss"]
[EventRounds "9"]
[EventCountry "NED"]
[SourceTitle "EXT 2010"]
[Source "ChessBase"]
[SourceDate "2010.11.25"]
[SourceVersion "1"]
[SourceVersionDate "2010.11.25"]
[SourceQuality "1"]

1. e4 e5 2. Nf3 Nc6 3. Bc4 Nf6 4. Ng5 d5 5. exd5 b5 6. dxc6 bxc4 7. Qe2 Qd5 8. Nf3 Bd6 9. Nc3 Qxc6 10. 0-0 e4 11. Re1 Bb7 12. Nd4 Qc5 13. Ndb5 0-0 14. Nxd6 cxd6 15. d3 cxd3 16. cxd3 exd3 17. Qxd3 Rfe8 18. Bf4 Qc6 19. f3 Ng4 20. Qxd6 Qxd6 21. Bxd6 Nf6 22. Rad1 Rad8 23. Bf4 Rxe1+ 24. Rxe1 Bd5 25. Bg5 h6 26. Bxf6 gxf6 27. Rd1 Rb8 28. Nxd5 Rxb2 29. a4 Kg7 30. Rd4 Kg6 31. Rg4+ Kf5 32. Ne3+ Ke6 33. Re4+ Kd6 34. Nc4+ Kd7 35. Nxb2 f5 36. Rh4 Kc6 37. Rxh6+ Kc5 38. Kf2 Kb4 39. Rc6 Kb3 40. Nd3 Kxa4 41. Ke2 a5 42. Rb6 Ka3 43. Kd2 f4 44. Kc3 a4 45. h4 Ka2 46. h5 a3 47. Kc2 Ka1 48. Rb1+ Ka2 49. Nb4# 1-0

[Event "NED-ch U13"]
[Site "Rijswijk"]
[Date "2008.05.01"]
[Round "1"]
[White "Bok, Gidius"]
[Black "Loots, Thomas"]
[Result "0-1"]
[WhiteElo "1156"]
[BlackElo "1399"]
[PlyCount "84"]
[EventDate "2008.05.01"]
[EventType "swiss"]
[EventRounds "9"]
[EventCountry "NED"]
[SourceTitle "EXT 2010"]
[Source "ChessBase"]
[SourceDate "2010.11.25"]
[SourceVersion "1"]
[SourceVersionDate "2010.11.25"]
[SourceQuality "1"]

1. e4 Nf6 2. Nc3 d5 3. exd5 Nxd5 4. Nge2 Nc6 5. d4 Bf5 6. Nxd5 Qxd5 7. Be3 Nb4 8. Nf4 Qc6 9. a4 Nxc2+ 10. Kd2 Qd6 11. Rc1 Nxd4 12. Ke1 0-0-0 13. Bd3 Bxd3 14. Qxd3 e5 15. Rc4 Nf3+ 16. Ke2 exf4 17. Qxd6 Bxd6 18. Bxa7 Ng5 19. f3 Rd7 20. Rhc1 Re8+ 21. Kf2 Rde7 22. R1c2 Ne6 23. Bb6 c6 24. Rd2 Bc7 25. a5 Bxb6+ 26. axb6 Rd7 27. Re2 Red8 28. Ra4 Kb8 29. Ra2 Rd2 30. b3 Rxe2+ 31. Rxe2 Rd5 32. g3 fxg3+ 33. Kxg3 Rd3 34. Re5 Rxb3 35. Rf5 f6 36. Rh5 h6 37. Rh4 Rxb6 38. Re4 c5 39. Kf2 Kc7 40. Ke3 Kd7 41. Kd3 Rb3+ 42. Ke2 Nd4+ 0-1

[Event "NED-ch U13"]
[Site "Rijswijk"]
[Date "2008.05.01"]
[Round "2"]
[White "Van Harten, Maarten"]
[Black "Bok, Gidius"]
[Result "1-0"]
[WhiteElo "1359"]
[BlackElo "1156"]
[PlyCount "69"]
[EventDate "2008.05.01"]
[EventType "swiss"]
[EventRounds "9"]
[EventCountry "NED"]
[SourceTitle "EXT 2010"]
[Source "ChessBase"]
[SourceDate "2010.11.25"]
[SourceVersion "1"]
[SourceVersionDate "2010.11.25"]
[SourceQuality "1"]

1. e4 e5 2. Nf3 Nc6 3. d4 exd4 4. Nxd4 Nf6 5. Nc3 Bc5 6. Be3 d6 7. Nxc6 bxc6 8. Bxc5 dxc5 9. Qxd8+ Kxd8 10. 0-0-0+ Bd7 11. Bc4 Ke7 12. f3 Rab8 13. e5 Nh5 14. Bxf7 Nf4 15. g3 Nh3 16. Rhf1 Ng5 17. Bc4 Rhf8 18. f4 Nf7 19. Bxf7 Rxf7 20. Ne4 Be6 21. Nxc5 Bxa2 22. b3 Rb5 23. Rd7+ Ke8 24. Rxf7 Kxf7 25. Na6 Rb7 26. Kb2 Bxb3 27. cxb3 Kg6 28. e6 Kf6 29. f5 Ke7 30. Rd1 Ke8 31. Rd7 Kf8 32. Rxc7 Rxc7 33. Nxc7 Ke7 34. Na6 g6 35. g4 1-0

[Event "Twente Young Master op-E"]
[Site "Twente"]
[Date "2007.08.08"]
[Round "1"]
[White "Bok, Gidius"]
[Black "Kevlishvili, Robby"]
[Result "1-0"]
[WhiteElo "1079"]
[BlackElo "500"]
[PlyCount "22"]
[EventDate "2007.08.08"]
[EventType "swiss"]
[EventRounds "5"]
[EventCountry "NED"]
[SourceTitle "EXT 2008"]
[Source "ChessBase"]
[SourceDate "2007.11.25"]
[SourceVersion "1"]
[SourceVersionDate "2007.11.25"]
[SourceQuality "1"]

1. e4 e5 2. Nf3 d6 3. Bc4 Nc6 4. d3 Bg4 5. h3 Bh5 6. 0-0 Qf6 7. Kh1 Bg6 8. Ng5 Be7 9. Qf3 Qxf3 10. Nxf3 Nf6 11. Nc3 0-0 1-0